|
|
|
|
| LEADER |
00000cam a22000004a 4500 |
| 001 |
musev2_53141 |
| 003 |
MdBmJHUP |
| 005 |
20230905045649.0 |
| 006 |
m o d |
| 007 |
cr||||||||nn|n |
| 008 |
140917s2013 sp o 00 0 spa d |
| 010 |
|
|
|z 2014417827
|
| 020 |
|
|
|a 9788483443903
|
| 040 |
|
|
|a MdBmJHUP
|c MdBmJHUP
|
| 050 |
0 |
4 |
|a MLCM 2016/42338 (B)
|
| 100 |
1 |
|
|a Botto, Michele,
|d 1978-
|
| 245 |
1 |
0 |
|a Del Ápeiron a la Alegría :
|b La subjetividad en Deleuze /
|c Michele Botto.
|
| 264 |
|
1 |
|a [Madrid] :
|b UAM Ediciones,
|c [2014]
|
| 264 |
|
3 |
|a Baltimore, Md. :
|b Project MUSE,
|c 0000
|
| 264 |
|
4 |
|c ©[2014]
|
| 300 |
|
|
|a 1 online resource (286 pages).
|
| 336 |
|
|
|a text
|b txt
|2 rdacontent
|
| 337 |
|
|
|a computer
|b c
|2 rdamedia
|
| 338 |
|
|
|a online resource
|b cr
|2 rdacarrier
|
| 490 |
0 |
|
|a Colección Estudios ;
|v 160
|
| 500 |
|
|
|a Minimal Level Cataloging Plus
|5 DLC
|
| 504 |
|
|
|a Includes bibliographical references (pages 269-286).
|
| 588 |
|
|
|a Description based on print version record.
|
| 600 |
1 |
0 |
|a Deleuze, Gilles,
|d 1925-1995.
|
| 650 |
|
0 |
|a Subjectivity.
|
| 655 |
|
7 |
|a Electronic books.
|2 local
|
| 710 |
2 |
|
|a Project Muse.
|e distributor
|
| 830 |
|
0 |
|a Book collections on Project MUSE.
|
| 856 |
4 |
0 |
|z Texto completo
|u https://projectmuse.uam.elogim.com/book/53141/
|
| 945 |
|
|
|a Project MUSE - Custom Collection
|